Nghiên cứu một số giải pháp cho đào tạo từ xa ứng dụng công nghệ thông tin : Đề tài nghiên cứu khoa học
Nội dung đề tài nghiên cứu các giải pháp đào tạo từ xa, đặc biệt là đào tạo từ xa ứng dung CNTT. Đề xuất cáp phương pháp ứng dụng mô hình e-learning trong việc đào tạo nguồn nhân lực. Xây dựng đào tạo theo mô hình e-learning và các giải pháp...
Wedi'i Gadw mewn:
| Prif Awdur: | |
|---|---|
| Fformat: | Llyfr |
| Iaith: | Undetermined |
| Cyhoeddwyd: |
Cần Thơ
Trường Đại học Cần Thơ
2003
|
| Pynciau: | |
| Tagiau: |
Ychwanegu Tag
Dim Tagiau, Byddwch y cyntaf i dagio'r cofnod hwn!
|
| Thư viện lưu trữ: | Trung tâm Học liệu Trường Đại học Cần Thơ |
|---|
| LEADER | 01251nam a2200205Ia 4500 | ||
|---|---|---|---|
| 001 | CTU_205198 | ||
| 008 | 210402s9999 xx 000 0 und d | ||
| 082 | |a 371.1734 | ||
| 082 | |b L312 | ||
| 100 | |a Nguyễn, Văn Linh | ||
| 245 | 0 | |a Nghiên cứu một số giải pháp cho đào tạo từ xa ứng dụng công nghệ thông tin : | |
| 245 | 0 | |b Đề tài nghiên cứu khoa học | |
| 245 | 0 | |c Nguyễn Văn Linh (chủ nhiệm đề tài) ; Tham gia đề tài: Lê Đức Thắng ... [et al.] | |
| 260 | |a Cần Thơ | ||
| 260 | |b Trường Đại học Cần Thơ | ||
| 260 | |c 2003 | ||
| 520 | |a Nội dung đề tài nghiên cứu các giải pháp đào tạo từ xa, đặc biệt là đào tạo từ xa ứng dung CNTT. Đề xuất cáp phương pháp ứng dụng mô hình e-learning trong việc đào tạo nguồn nhân lực. Xây dựng đào tạo theo mô hình e-learning và các giải pháp tổ chức thực hiện. | ||
| 650 | |a Distance education.,Distance Learning Network,Giáo dục từ xa,Mạng học từ xa | ||
| 904 | |i Qhieu | ||
| 980 | |a Trung tâm Học liệu Trường Đại học Cần Thơ | ||